000 00772nam a2200277Ia 4500
001 9043
005 20240113234147.0
007 ta
008 050722s1962 a g b000 u eng u
040 _aCotton College,Assam
041 _aeng
082 _a409
_bT 171 El
100 _aTaraporewala, Irach Jehangir Sorabji .
245 0 _aElements of the Science of Language /
_cIrach Jehangir Sorabji Taraporewala.
_hTextual Documents
250 _a1st ed. /
260 _aCalcutta :
_bCalcutta University Press ,
_c1962.
300 _a649p. :
_bill. ;
_c21cm .
653 _aEnglish language-Sciences
653 _aMS-English
653 _aT/G-English
942 _2ddc
_cBK
999 _c9030
_d9030